000 00775nam a2200253Ia 4500
003 OSt
005 20221005112641.0
006 a|||||r|||| 00| 0
007 ta
008 221004b |||||||| |||| 00| 0 pan d
020 _a8188852767 (hbk)
024 _a101701
037 _cTextual
040 _aCRL
_cCRL
_bpan
041 _2pan
_apan
082 _aO152,1H77:g, 153P8
100 _aਸੀਤਲ ਸਿੰਘ
245 0 _aਗੁਰੂ ਰਵਿਦਾਸ ਬਾਣੀ
260 _aਜਲੰਧਰ
_bਦੀਪਕ ਪਬਲਿਰਗ਼ ਭਾਰਤ
_c2008
300 _a111ਪੰ
_ccm.
650 _aਪੰਜਾਬੀ ਸਾਹਿਤ
942 _hO152,1H77:g, 153P8
_cTEXL
_2cc
999 _c1025529
_d1025529